Las Crónicas de Narnia
محفوظ في:
| المؤلف الرئيسي: | |
|---|---|
| التنسيق: | كتاب |
| اللغة: | الإسبانية |
| منشور في: |
Santiago
Andres Bello
1998
|
| الطبعة: | 8a. ed |
| الموضوعات: | |
| الوسوم: |
إضافة وسم
لا توجد وسوم, كن أول من يضع وسما على هذه التسجيلة!
|
MARC
| LEADER | 00000cam a2200000 a 4500 | ||
|---|---|---|---|
| 001 | UCH8459 | ||
| 003 | CL-VaPUC | ||
| 005 | 20220913074552.0 | ||
| 008 | 091127e19980000CL |||||||||||||||||spa|d | ||
| 999 | |c 338671 |d 338669 | ||
| 020 | |a 9561315599 v.3 | ||
| 040 | |c Pontificia Universidad Católica de Valparaíso | ||
| 082 | 0 | 4 | |a 823 |b LEW |2 21 |
| 100 | |a Lewis, C. S |e author |9 328236 | ||
| 245 | 1 | 4 | |a Las Crónicas de Narnia |
| 246 | 1 | 3 | |a La travesía del explorador del amanecer |
| 250 | |a 8a. ed | ||
| 260 | |a Santiago |b Andres Bello |c 1998 | ||
| 300 | |a v | ||
| 500 | |a v.3: Libro III La travesía del explorador del amanecer | ||
| 583 | |a last modification |c 20120801 11:33:33 |k Rodrigo Vera | ||
| 650 | 0 | |a Literatura |9 259151 | |
| 650 | 0 | |a Literatura inglesa |9 312907 | |
| 650 | 0 | |a Escritores ingleses |9 389424 | |
| 650 | 0 | |a Cuentos ingleses |9 265135 | |
| 650 | 0 | |a Cuentos infantiles |9 308044 | |
| 650 | 0 | |a Lectura |9 307634 | |
| 650 | 0 | |a Ficción |9 376687 | |
| 651 | 0 | |a Inglaterra |9 255158 | |
| 942 | |c BK |2 ddc | ||
| 945 | |d 20091127 00:00:00 | ||
| 952 | |0 0 |1 0 |4 0 |6 823_000000000000000_LEW_1998 |7 0 |8 A |9 431766 |a BIBEDU |b BIBEDU |d 2019-11-22 |i 4886097 |o 823 LEW 1998 |p 4886097 |r 2019-11-22 |w 2019-11-22 |y BK |k LIT | ||